[Event "Premiers Flocons"]
[Site "Gatineau CAN"]
[Date "2018.12.11"]
[Round "3"]
[White "Kurkdji, Johnny"]
[Black "Azar, Sebastien"]
[Result "0-1"]
[WhiteElo "1609"]
[BlackElo "1772"]
[PlyCount "56"]
[EventDate "2018.11.27"]
[EventType "swiss"]
[EventRounds "4"]
[EventCountry "CAN"]

1. e4 d6 2. Nf3 g6 3. Bc4 Bg7 4. d3 c5 5. O-O Nc6 6. h3 Bd7 7. a3 e6 8. c3 a6
9. Nbd2 Nge7 10. Rb1 b5 11. Bb3 O-O 12. c4 b4 13. a4 f5 14. exf5 exf5 15. Bc2
Nd4 16. Nxd4 Bxd4 17. b3 Nc6 18. Nf3 f4 19. Bb2 Bxb2 20. Rxb2 Qf6 21. Rb1 Nd4
22. Kh1 Bc6 23. Nxd4 Qxd4 24. f3 g5 25. Rc1 Rf6 26. Qd2 Rh6 27. Bd1 g4 28. fxg4
Rxh3# 0-1

[Event "Premiers Flocons"]
[Site "Gatineau CAN"]
[Date "2018.12.11"]
[Round "3"]
[White "Labrie, Dany"]
[Black "Laurin, Marcel"]
[Result "0-1"]
[WhiteElo "1362"]
[BlackElo "1644"]
[PlyCount "34"]
[EventDate "2018.11.27"]
[EventType "swiss"]
[EventRounds "4"]
[EventCountry "CAN"]

1. e4 b6 2. d4 Bb7 3. Nc3 e6 4. Nf3 h6 5. e5 d5 6. Bd3 Nd7 7. Qe2 a6 8. Nh4
Qxh4 9. Bf4 Qxf4 10. Qe3 Qxe3+ 11. fxe3 Bb4 12. O-O Bxc3 13. bxc3 Ne7 14. Rab1
a5 15. a4 Ba6 16. Bb5 Bxb5 17. Rxb5 O-O 0-1

[Event "Premiers Flocons"]
[Site "Gatineau CAN"]
[Date "2018.12.18"]
[Round "4"]
[White "Arcand, Pierre"]
[Black "Labrie, Dany"]
[Result "1-0"]
[WhiteElo "1161"]
[BlackElo "1362"]
[PlyCount "59"]
[EventDate "2018.11.27"]
[EventType "swiss"]
[EventRounds "4"]
[EventCountry "CAN"]

1. e4 d6 2. h3 g6 3. Nf3 Bg7 4. Nc3 Nf6 5. Bb5+ Nc6 6. O-O O-O 7. d4 a6 8. Bxc6
bxc6 9. e5 Nd5 10. Nxd5 cxd5 11. exd6 Qxd6 12. Re1 Re8 13. Ng5 f6 14. Nf3 e5
15. Bf4 Bf5 16. Bh2 Qc6 17. c3 Rab8 18. Qd2 g5 19. dxe5 Be4 20. Nd4 Qb6 21.
exf6 Qxf6 22. f3 Bg6 23. Bxc7 Rb7 24. Rxe8+ Bxe8 25. Qe2 Bg6 26. Qe6+ Bf7 27.
Qc8+ Bf8 28. Qxb7 Bc5 29. Qb8+ Kg7 30. Be5 1-0

[Event "Premiers Flocons"]
[Site "Gatineau CAN"]
[Date "2018.12.18"]
[Round "4"]
[White "Azar, Sebastien"]
[Black "Rioux, Jocelyn"]
[Result "1-0"]
[WhiteElo "1772"]
[BlackElo "1673"]
[PlyCount "93"]
[EventDate "2018.11.27"]
[EventType "swiss"]
[EventRounds "4"]
[EventCountry "CAN"]

1. e4 e6 2. Nf3 c5 3. Nc3 Nc6 4. d4 cxd4 5. Nxd4 Bb4 6. a3 Bxc3+ 7. bxc3 Nf6 8.
Nxc6 bxc6 9. Bd3 O-O 10. e5 Nd5 11. c4 Ne7 12. O-O Qc7 13. f4 Qb6+ 14. Kh1 Rb8
15. Rf3 f5 16. exf6 Rxf6 17. Be3 Qc7 18. Bc5 d5 19. Rb1 Rxb1 20. Qxb1 dxc4 21.
Bxe7 Qxe7 22. Bxc4 Kh8 23. Qb4 Qb7 24. Qxb7 Bxb7 25. Rb3 Rf7 26. Ba6 Rd7 27. h3
h6 28. Rxb7 Rxb7 29. Bxb7 c5 30. Kg1 Kg8 31. Kf2 Kf7 32. Ke3 Kf6 33. g4 g5 34.
fxg5+ Kxg5 35. Ke4 Kh4 36. Ke5 Kxh3 37. Kxe6 Kxg4 38. Kd5 Kf5 39. Kxc5 Ke5 40.
Kb5 Kd6 41. Ka6 Kc5 42. a4 Kb4 43. a5 h5 44. c4 Kxc4 45. Kxa7 Kb5 46. a6 h4 47.
Kb8 1-0

[Event "Premiers Flocons"]
[Site "Gatineau CAN"]
[Date "2018.12.18"]
[Round "4"]
[White "Berthiaume, Serge"]
[Black "Raymond, Daniel"]
[Result "0-1"]
[WhiteElo "1432"]
[BlackElo "1761"]
[PlyCount "54"]
[EventDate "2018.11.27"]
[EventType "swiss"]
[EventRounds "4"]
[EventCountry "CAN"]

1. d4 d5 2. Bf4 e6 3. e3 c5 4. Nf3 Nc6 5. c3 Nf6 6. Nbd2 Bd6 7. Bg3 O-O 8. Bd3
Re8 9. Ne5 Qc7 10. f4 a6 11. Ndf3 Ne4 12. Nd2 Nxd2 13. Qxd2 f6 14. Nf3 e5 15.
fxe5 fxe5 16. Ng5 h6 17. Bg6 Re7 18. Nf3 exd4 19. cxd4 Bxg3+ 20. Kd1 Bd6 21. h4
Bg4 22. Rf1 cxd4 23. exd4 Bf4 24. Qd3 Nb4 25. Bh7+ Kh8 26. Qg6 Rc8 27. Qxg4
Qc1+ 0-1

[Event "Premiers Flocons"]
[Site "Gatineau CAN"]
[Date "2018.12.18"]
[Round "4"]
[White "Bourbonnais, Luc"]
[Black "Lecorre, Joel"]
[Result "0-1"]
[WhiteElo "1426"]
[BlackElo "1462"]
[PlyCount "42"]
[EventDate "2018.11.27"]
[EventType "swiss"]
[EventRounds "4"]
[EventCountry "CAN"]

1. e4 e5 2. Nf3 Nc6 3. Bb5 a6 4. Ba4 Nf6 5. O-O b5 6. Bb3 Be7 7. Re1 d5 8. exd5
Nxd5 9. Nxe5 Nxe5 10. Rxe5 c6 11. Bxd5 cxd5 12. Qe2 Be6 13. g3 O-O 14. d4 Bf6
15. Re3 Bxd4 16. Rd3 Bf6 17. c3 Qc8 18. Qe1 Qc4 19. Rf3 Rfe8 20. Na3 Qc6 21.
Be3 d4 0-1

[Event "Premiers Flocons"]
[Site "Gatineau CAN"]
[Date "2018.12.18"]
[Round "4"]
[White "Danilov, Alex"]
[Black "Simard, Paul"]
[Result "1-0"]
[WhiteElo "1653"]
[BlackElo "1183"]
[PlyCount "69"]
[EventDate "2018.11.27"]
[EventType "swiss"]
[EventRounds "4"]
[EventCountry "CAN"]

1. Nf3 d6 2. d4 Nd7 3. e4 e5 4. Bc4 Be7 5. O-O Ngf6 6. Bxf7+ Kxf7 7. Ng5+ Kg8
8. Ne6 Qe8 9. Nxc7 Qd8 10. Nxa8 b6 11. Nxb6 Qxb6 12. c3 Nxe4 13. dxe5 Nxe5 14.
Qd5+ Kf8 15. Qxe4 Ke8 16. Qd4 Qb7 17. Bf4 Bf6 18. Re1 Kf7 19. Bxe5 dxe5 20. Qd1
Re8 21. Qb3+ Qxb3 22. axb3 Re7 23. Nd2 Bf5 24. Ne4 Bxe4 25. Rxe4 g6 26. f4 exf4
27. Rxe7+ Bxe7 28. Rxa7 Kf6 29. Rxe7 Kxe7 30. Kf2 g5 31. Kf3 h5 32. h4 Kf6 33.
b4 Kf5 34. hxg5 Kxg5 35. b5 1-0

[Event "Premiers Flocons"]
[Site "Gatineau CAN"]
[Date "2018.12.18"]
[Round "4"]
[White "Desjardins, Alexandre"]
[Black "Sun, Roy"]
[Result "1-0"]
[WhiteElo "1955"]
[BlackElo "1366"]
[PlyCount "93"]
[EventDate "2018.11.27"]
[EventType "swiss"]
[EventRounds "4"]
[EventCountry "CAN"]

1. e4 e6 2. d4 d5 3. e5 c5 4. c3 cxd4 5. cxd4 Bb4+ 6. Bd2 Qb6 7. a3 Bxd2+ 8.
Qxd2 Ne7 9. Bd3 Nbc6 10. Nf3 Nxd4 11. Nxd4 Bd7 12. Nf3 Nf5 13. Bxf5 exf5 14.
O-O Qg6 15. Nc3 Bc6 16. Nd4 O-O 17. Qf4 Rae8 18. Rfe1 Qg4 19. Qxg4 fxg4 20.
Ncb5 a6 21. Nd6 Re7 22. Rac1 Rb8 23. Rxc6 bxc6 24. Nxc6 Rxb2 25. Nxe7+ Kf8 26.
Nxd5 Rd2 27. Ne3 h5 28. Rc1 Ra2 29. Nef5 Kg8 30. Nc4 g6 31. Ne7+ Kg7 32. Nc6
Re2 33. Kf1 Re4 34. a4 h4 35. a5 f5 36. Nb8 Rf4 37. g3 hxg3 38. hxg3 Rf3 39.
Ke2 f4 40. gxf4 Rxf4 41. Nxa6 Re4+ 42. Kd3 Rf4 43. Rc2 g3 44. fxg3 Rf3+ 45. Ne3
Rxg3 46. Nc5 Rg1 47. Ra2 1-0

[Event "Premiers Flocons"]
[Site "Gatineau CAN"]
[Date "2018.12.18"]
[Round "4"]
[White "Laurin, Marcel"]
[Black "Kurkdji, Johnny"]
[Result "1-0"]
[WhiteElo "1644"]
[BlackElo "1609"]
[PlyCount "100"]
[EventDate "2018.11.27"]
[EventType "swiss"]
[EventRounds "4"]
[EventCountry "CAN"]

1. d4 d5 2. Nf3 Nc6 3. Bf4 e6 4. e3 h6 5. h3 Nf6 6. a3 Be7 7. Bd3 O-O 8. Nbd2
b6 9. Rc1 Bd6 10. Bh2 Bxh2 11. Nxh2 Ne7 12. c4 c6 13. cxd5 cxd5 14. Nhf3 Bb7
15. Ne5 Nd7 16. Ndf3 Nxe5 17. Nxe5 f6 18. Nf3 Qd6 19. g4 e5 20. Bb1 e4 21. Nh4
g5 22. Nf5 Nxf5 23. gxf5 Qd7 24. Qh5 Qxf5 25. Qxh6 Rf7 26. Qh5 Rh7 27. Qe2 Rxh3
28. Rxh3 Qxh3 29. Rc7 Bc8 30. Ba2 Be6 31. Qb5 Qf5 32. Re7 Rd8 33. Rxa7 Rd7 34.
Rxd7 Bxd7 35. Qxb6 Be6 36. Qd6 Kg7 37. b4 Qg4 38. Qg3 Qh5 39. Bb3 Qh1+ 40. Kd2
Qb1 41. Qc7+ Kg6 42. Bc2 Qf1 43. Qg3 Bd7 44. a4 Qc4 45. b5 Qb4+ 46. Kd1 Qa3 47.
Qc7 Bg4+ 48. Kd2 Qa1 49. Qb8 Qa3 50. Qg8+ Kh6 1-0

[Event "Premiers Flocons"]
[Site "Gatineau CAN"]
[Date "2018.12.18"]
[Round "4"]
[White "Raymond, Robert"]
[Black "Latreille, Etienne"]
[Result "0-1"]
[WhiteElo "1289"]
[BlackElo "1630"]
[PlyCount "74"]
[EventDate "2018.11.27"]
[EventType "swiss"]
[EventRounds "4"]
[EventCountry "CAN"]

1. e4 c5 2. d3 e5 3. Nf3 Nc6 4. g3 Be7 5. Bg2 d6 6. O-O Nf6 7. Nc3 h6 8. Be3
Be6 9. a3 O-O 10. h4 Qd7 11. Nh2 Ng4 12. Nxg4 Bxg4 13. f3 Bh3 14. Rf2 Bxg2 15.
Kxg2 f5 16. f4 Nd4 17. Nd5 Rae8 18. b3 fxe4 19. dxe4 exf4 20. Bxf4 Kh8 21. c3
Ne6 22. Qf1 Nc7 23. c4 Nxd5 24. exd5 Bf6 25. Rb1 Rf7 26. Re1 Rfe7 27. Rfe2 Kg8
28. Re4 Rxe4 29. Rxe4 Rxe4 30. Qf3 Re8 31. g4 Bxh4 32. g5 Bxg5 33. Bxg5 hxg5
34. b4 b6 35. b5 Qe7 36. Qg4 Qe4+ 37. Qxe4 Rxe4 0-1

[Event "Premiers Flocons (45/30)"]
[Site "Gatineau CAN"]
[Date "2018.12.18"]
[Round "4"]
[White "Celac, Jasmine"]
[Black "Fang, Zhou"]
[Result "0-1"]
[WhiteElo "904"]
[BlackElo "1478"]
[PlyCount "64"]
[EventDate "2018.11.27"]
[EventType "swiss"]
[EventRounds "4"]
[EventCountry "CAN"]

1. Nf3 d5 2. Nc3 Nf6 3. d4 e6 4. e3 Bd6 5. Bb5+ Bd7 6. Bd3 O-O 7. e4 c6 8. O-O
Bb4 9. Bd2 Bxc3 10. bxc3 dxe4 11. Bg5 exf3 12. Bxf6 Qxf6 13. Rb1 fxg2 14. Qg4
gxf1=Q+ 15. Kxf1 Qh6 16. Rxb7 e5 17. Rxd7 Nxd7 18. Qxd7 exd4 19. cxd4 Qc1+ 20.
Kg2 Rfd8 21. Qf5 g6 22. Qe4 Rd5 23. Bc4 Rf5 24. Qxc6 Rd8 25. Qc7 Rxd4 26. Bxf7+
Rxf7 27. Qb8+ Kg7 28. Qe5+ Kg8 29. Qxd4 Qxc2 30. a4 Qc6+ 31. f3 Qxf3+ 32. Kg1
Qf1# 0-1

[Event "Premiers Flocons (45/30)"]
[Site "Gatineau CAN"]
[Date "2018.12.18"]
[Round "4"]
[White "Celac, Jasmine"]
[Black "Traversy, Pierre"]
[Result "0-1"]
[WhiteElo "820"]
[BlackElo "1146"]
[PlyCount "66"]
[EventDate "2018.11.27"]
[EventType "swiss"]
[EventRounds "4"]
[EventCountry "CAN"]

1. e4 d6 2. d4 e6 3. Nf3 Be7 4. Bb5+ c6 5. Ba4 Nd7 6. e5 b5 7. Bb3 d5 8. c4
bxc4 9. Ba4 Qc7 10. Qd2 Nb6 11. Bb5 cxb5 12. Qa5 Bd7 13. Qd2 h6 14. Qf4 g5 15.
Nxg5 hxg5 16. Qf3 Bb4+ 17. Kd1 Bc6 18. Bxg5 Be7 19. Qf4 Qd8 20. Re1 Bxg5 21.
Qg4 Na4 22. Re2 Qe7 23. f4 Rh4 24. h3 Rxg4 25. hxg4 Bxf4 26. b3 cxb3 27. axb3
Nb6 28. Rc2 Bb7 29. Rc7 Qb4 30. Rxb7 Qxd4+ 31. Kc2 Rc8+ 32. Nc3 Qxc3+ 33. Kb1
Qxb3# 0-1

[Event "Premiers Flocons (45/30)"]
[Site "Gatineau CAN"]
[Date "2018.12.18"]
[Round "4"]
[White "Fang, Johnny"]
[Black "Sabourin, Yves"]
[Result "0-1"]
[WhiteElo "865"]
[BlackElo "1432"]
[PlyCount "40"]
[EventDate "2018.11.27"]
[EventType "swiss"]
[EventRounds "4"]
[EventCountry "CAN"]

1. e4 e5 2. b3 d6 3. Ba3 Be7 4. Bb2 Nf6 5. h3 Nxe4 6. Qf3 Nc5 7. Bc4 O-O 8. Qh5
Be6 9. Bxe6 Nxe6 10. Qf3 Nc6 11. Qd5 Nf4 12. Qe4 f5 13. Qc4+ d5 14. Qf1 e4 15.
Na3 Bf6 16. Bxf6 Qxf6 17. O-O-O Qa1+ 18. Nb1 Nb4 19. Re1 Nxa2+ 20. Kd1 Qxb1#
0-1

[Event "Quebec op"]
[Site "Longueuil CAN"]
[Date "2018.07.21"]
[Round "1.1"]
[White "Edouard, Romain"]
[Black "Libersan, Thierry"]
[Result "1-0"]
[WhiteElo "2638"]
[BlackElo "2047"]
[PlyCount "53"]
[EventDate "2018.07.21"]
[EventType "swiss"]
[EventRounds "9"]
[EventCountry "CAN"]

1. d4 Nf6 2. c4 g6 3. g3 Bg7 4. Bg2 O-O 5. Nc3 d6 6. Nf3 Nc6 7. O-O e5 8. d5
Na5 9. Nd2 c5 10. dxc6 Nxc6 11. Nde4 Nxe4 12. Nxe4 Be6 13. Nxd6 Qb6 14. b3 Rad8
15. Be3 Nd4 16. Bxd4 exd4 17. Nxb7 Rb8 18. c5 Qb5 19. c6 Bd5 20. Rc1 Bxg2 21.
Kxg2 Rfc8 22. Qd3 Rxb7 23. cxb7 Qxb7+ 24. Qf3 Qb8 25. Qf4 Qa8+ 26. Kg1 Rc3 27.
e3 1-0

[Event "Quebec op"]
[Site "Longueuil CAN"]
[Date "2018.07.21"]
[Round "1.2"]
[White "Durette, Francis"]
[Black "Mikhalevski, Victor"]
[Result "0-1"]
[WhiteElo "2035"]
[BlackElo "2583"]
[PlyCount "48"]
[EventDate "2018.07.21"]
[EventType "swiss"]
[EventRounds "9"]
[EventCountry "CAN"]

1. c4 Nf6 2. Nc3 d5 3. cxd5 Nxd5 4. g3 g6 5. Bg2 Nxc3 6. bxc3 Bg7 7. Rb1 Nc6 8.
Qa4 O-O 9. Nh3 e5 10. O-O Re8 11. d3 h6 12. f4 exf4 13. Qxf4 f5 14. Qd2 g5 15.
d4 Ne7 16. Qd3 Nd5 17. c4 Nc3 18. e3 Nxb1 19. Bd5+ Kh8 20. Qxb1 f4 21. Nf2 fxe3
22. Nd3 e2 23. Re1 Bxd4+ 24. Kg2 Qf6 0-1

[Event "Quebec op"]
[Site "Longueuil CAN"]
[Date "2018.07.21"]
[Round "1.4"]
[White "Abdelaal, Ibrahim"]
[Black "Sambuev, Bator"]
[Result "0-1"]
[WhiteElo "2007"]
[BlackElo "2514"]
[PlyCount "90"]
[EventDate "2018.07.21"]
[EventType "swiss"]
[EventRounds "9"]
[EventCountry "CAN"]

1. e4 e6 2. d4 d5 3. Nd2 c5 4. Ngf3 Nf6 5. e5 Nfd7 6. c3 Nc6 7. Bd3 Be7 8. Nf1
cxd4 9. cxd4 Qb6 10. Qa4 Qb4+ 11. Qxb4 Nxb4 12. Bb1 a5 13. a3 Nc6 14. Ne3 a4
15. Bd2 Na5 16. Bxa5 Rxa5 17. Bd3 Nb8 18. Rc1 Nc6 19. O-O Bd7 20. Rfd1 Bd8 21.
Be2 Bb6 22. h3 Ke7 23. Rd2 Rc8 24. Rc3 Raa8 25. Rcc2 Na5 26. Rxc8 Rxc8 27. Rc2
Ra8 28. Nd1 Nb3 29. Nc3 Nxd4 30. Nxd4 Bxd4 31. Bb5 Bxe5 32. Bxd7 Kxd7 33. Na2
Rc8 34. Re2 Bd6 35. Kf1 Rc4 36. f3 h5 37. Ke1 Bf4 38. Nc3 h4 39. Kd1 Kd6 40.
Rc2 f5 41. Nb5+ Kc5 42. Nc3 b5 43. Ne2 Be3 44. Rxc4+ Kxc4 45. Kc2 d4 0-1

[Event "Quebec op"]
[Site "Longueuil CAN"]
[Date "2018.07.21"]
[Round "1.6"]
[White "Zheng, Richard"]
[Black "Cherniaev, Alexander"]
[Result "0-1"]
[WhiteElo "1986"]
[BlackElo "2421"]
[PlyCount "76"]
[EventDate "2018.07.21"]
[EventType "swiss"]
[EventRounds "9"]
[EventCountry "CAN"]

1. e4 g6 2. d4 Bg7 3. Nf3 d6 4. Bd3 Nf6 5. O-O O-O 6. c4 Nc6 7. Nc3 Bg4 8. Be2
e5 9. d5 Bxf3 10. Bxf3 Nd4 11. Be3 Nd7 12. Be2 c5 13. Bd3 f5 14. f3 f4 15. Bf2
h5 16. h3 g5 17. Nb5 Rf6 18. Be2 Rg6 19. g4 fxg3 20. Bxg3 a6 21. Nc3 Nf6 22.
Kg2 Qd7 23. Qd3 Bh6 24. Nd1 g4 25. fxg4 hxg4 26. Bxg4 Nxg4 27. hxg4 Qxg4 28.
Nf2 Qh5 29. Rh1 Qe2 30. Rae1 Qxb2 31. Rh3 Rf8 32. Qf1 Qc3 33. Rd1 Qf3+ 34. Kh2
Bf4 35. Rd3 Bxg3+ 36. Rxg3 Qxf2+ 37. Qxf2 Rxf2+ 38. Kg1 Rff6 0-1

[Event "Quebec op"]
[Site "Longueuil CAN"]
[Date "2018.07.21"]
[Round "1.12"]
[White "Turcotte, Jonathan"]
[Black "Voskanyan, Vahagn"]
[Result "0-1"]
[WhiteElo "1941"]
[BlackElo "2201"]
[PlyCount "78"]
[EventDate "2018.07.21"]
[EventType "swiss"]
[EventRounds "9"]
[EventCountry "CAN"]

1. d4 d5 2. c4 c6 3. Nf3 Nf6 4. Nc3 e6 5. Bg5 h6 6. Bh4 Be7 7. e3 Nbd7 8. Rc1
O-O 9. Bd3 dxc4 10. Bxc4 c5 11. O-O b6 12. Qe2 cxd4 13. exd4 Bb7 14. Rfd1 Re8
15. Ne5 Nd5 16. Bg3 Bg5 17. Bxd5 Bxd5 18. f4 Bf6 19. Nxd5 exd5 20. Qb5 Nf8 21.
f5 Rc8 22. Bf4 Nh7 23. g4 Rxc1 24. Rxc1 Ng5 25. Kg2 Ne4 26. Nc6 Qa8 27. Qxd5
Ng5 28. h4 Rd8 29. Qb5 Nh7 30. d5 Re8 31. Kg3 Re4 32. d6 Nf8 33. Qd5 Qe8 34. d7
Nxd7 35. Nxa7 Nc5 36. Rd1 Qa4 37. Qa8+ Kh7 38. b3 Qxa2 39. g5 Qxb3+ 0-1

[Event "Quebec op"]
[Site "Longueuil CAN"]
[Date "2018.07.21"]
[Round "1.13"]
[White "Ouellet, Maili-Jade"]
[Black "Jacquet, Stephane"]
[Result "1-0"]
[WhiteElo "2197"]
[BlackElo "1936"]
[PlyCount "209"]
[EventDate "2018.07.21"]
[EventType "swiss"]
[EventRounds "9"]
[EventCountry "CAN"]

1. c4 g6 2. d4 Nf6 3. Nc3 Bg7 4. e4 d6 5. f4 O-O 6. Nf3 c5 7. d5 b5 8. cxb5 Qa5
9. Bd2 a6 10. Bd3 axb5 11. Nxb5 Qb6 12. Qe2 Ba6 13. a4 Nbd7 14. Rc1 Rae8 15.
Bc4 e6 16. dxe6 fxe6 17. a5 Qb8 18. Nxd6 Bxc4 19. Nxc4 Nh5 20. e5 Nxf4 21. Bxf4
Rxf4 22. O-O Qb5 23. g3 Rf5 24. Qe4 Ref8 25. Nd6 Qxb2 26. Nxf5 Rxf5 27. g4 Rf8
28. Qc6 Nxe5 29. Qxe6+ Kh8 30. Nh4 Qd4+ 31. Kh1 Qe4+ 32. Ng2 Rxf1+ 33. Rxf1 h6
34. a6 Qa8 35. Re1 Kh7 36. Rxe5 Bxe5 37. Qxe5 Qxa6 38. Qe7+ Kg8 39. Qe8+ Kg7
40. Qe7+ Kg8 41. Ne3 Qc6+ 42. Kg1 c4 43. Qd8+ Kf7 44. Qd5+ Qxd5 45. Nxd5 Ke6
46. Ne3 Ke5 47. Nxc4+ Kf4 48. Kg2 Kxg4 49. Ne5+ Kf5 50. Nf7 h5 51. Kg3 g5 52.
Nd6+ Ke5 53. Nc4+ Kd4 54. Nd2 Ke5 55. Kf3 Kf5 56. Nf1 g4+ 57. Kf2 h4 58. Kg2
Ke4 59. Nd2+ Kd3 60. Nb3 Ke3 61. Nc1 Ke4 62. Ne2 Ke3 63. Ng1 Ke4 64. Kf1 Ke3
65. Ke1 Kd3 66. Ne2 Ke3 67. Kf1 Ke4 68. Kg2 Ke3 69. Ng3 Kf4 70. Nh5+ Kg5 71.
Ng7 Kf4 72. Ne6+ Ke5 73. Nf8 Kf4 74. Nd7 Ke4 75. Kf1 Kf3 76. Ne5+ Kf4 77. Nd3+
Ke3 78. Ne1 h3 79. Kg1 Ke2 80. Nc2 Kd3 81. Na3 Ke3 82. Nc4+ Kf3 83. Nd2+ Ke2
84. Nf1 Kf3 85. Ng3 Ke3 86. Kf1 Kf3 87. Ne2 Ke3 88. Ng3 Kf3 89. Nh5 Ke3 90. Ng7
Kf3 91. Nf5 Kf4 92. Nd4 Ke3 93. Nc2+ Kd2 94. Na3 Ke3 95. Nc4+ Kf3 96. Nd2+ Ke3
97. Ke1 g3 98. Nf1+ Kf3 99. Nxg3 Kg2 100. Nf1 Kf3 101. Nd2+ Kg2 102. Ke2 Kxh2
103. Kf2 Kh1 104. Nf1 h2 105. Ng3# 1-0

[Event "Quebec op"]
[Site "Longueuil CAN"]
[Date "2018.07.21"]
[Round "1.14"]
[White "Auger, Bertrand"]
[Black "Zhao, Jim"]
[Result "0-1"]
[WhiteElo "1935"]
[BlackElo "2169"]
[PlyCount "70"]
[EventDate "2018.07.21"]
[EventType "swiss"]
[EventRounds "9"]
[EventCountry "CAN"]

1. Nf3 c5 2. g3 d5 3. Bg2 Nf6 4. O-O e6 5. c4 Be7 6. cxd5 exd5 7. d4 c4 8. Nc3
O-O 9. Ne5 Nc6 10. Bg5 Be6 11. e3 h6 12. Bxf6 Bxf6 13. Nxc4 Nxd4 14. exd4 dxc4
15. d5 Bf5 16. g4 Bd3 17. Re1 Qb6 18. Na4 Qd4 19. Nc3 b5 20. Qf3 Qb6 21. Rad1
Rae8 22. Qg3 b4 23. Na4 Rxe1+ 24. Rxe1 Qd4 25. h4 Bc2 26. b3 Qd2 27. Qe3 Qxe3
28. Rxe3 Bxh4 29. Nc5 c3 30. d6 Bg5 31. d7 Bxe3 32. fxe3 Bd1 33. Kf2 Bxg4 34.
Ke1 Rd8 35. Bc6 Kf8 0-1

[Event "Quebec op"]
[Site "Longueuil CAN"]
[Date "2018.07.21"]
[Round "1.15"]
[White "Beaulieu, Eric"]
[Black "Zhong, Kevin"]
[Result "1/2-1/2"]
[WhiteElo "2129"]
[BlackElo "1925"]
[PlyCount "82"]
[EventDate "2018.07.21"]
[EventType "swiss"]
[EventRounds "9"]
[EventCountry "CAN"]

1. Nf3 d5 2. c4 d4 3. b4 g6 4. e3 e5 5. exd4 exd4 6. Qe2+ Ne7 7. Qe5 Rg8 8. Qe2
Bg7 9. d3 a5 10. b5 c5 11. Ng5 h6 12. Ne4 b6 13. Qf3 Ra7 14. Bf4 Be6 15. Nbd2
g5 16. Bg3 f5 17. Qh5+ Bf7 18. Nd6+ Qxd6 19. Qxf7+ Kxf7 20. Bxd6 Nd7 21. h4 g4
22. O-O-O Be5 23. Bxe5 Nxe5 24. g3 h5 25. Kc2 N7g6 26. Bg2 Re8 27. Rhe1 Rae7
28. Bd5+ Kf6 29. Bg2 Nxd3 30. Rxe7 Nb4+ 31. Kb3 Rxe7 32. Bf1 Ne5 33. Nb1 d3 34.
a3 Nc2 35. Bxd3 Nxd3 36. Rxd3 Nd4+ 37. Kb2 Re2+ 38. Rd2 Ke5 39. Kc3 Re1 40. Kb2
Re2 41. Kc3 Re1 1/2-1/2

[Event "Quebec op"]
[Site "Longueuil CAN"]
[Date "2018.07.21"]
[Round "1.16"]
[White "Saine, Zachary"]
[Black "Huang, Qiuyu"]
[Result "0-1"]
[WhiteElo "1899"]
[BlackElo "2108"]
[PlyCount "84"]
[EventDate "2018.07.21"]
[EventType "swiss"]
[EventRounds "9"]
[EventCountry "CAN"]

1. e4 c5 2. Nf3 Nc6 3. d4 cxd4 4. Nxd4 g6 5. Be3 Bg7 6. Nc3 Nf6 7. f3 O-O 8.
Bc4 Qb6 9. Bb3 Nxe4 10. Nd5 Qa5+ 11. c3 Nf6 12. Nxc6 dxc6 13. Nxe7+ Kh8 14.
Nxc8 Raxc8 15. O-O c5 16. Kh1 b5 17. a3 Rfe8 18. Qc1 c4 19. Bd1 Nd5 20. Bd2 Qc7
21. f4 f5 22. Bf3 Nb6 23. Be3 Na4 24. Bg1 a5 25. Qc2 Nc5 26. Bxc5 Qxc5 27. Rad1
Re3 28. Rd7 b4 29. axb4 axb4 30. cxb4 Qxb4 31. Qf2 Re7 32. Rxe7 Qxe7 33. Qd2
Rb8 34. Qd5 Rc8 35. Qb7 Qxb7 36. Bxb7 Rc7 37. Ba6 Bxb2 38. Rf2 Rc6 39. Bb5 Rc5
40. Rxb2 c3 41. Rc2 Rxb5 42. Kg1 Rb1+ 0-1

[Event "Quebec op"]
[Site "Longueuil CAN"]
[Date "2018.07.21"]
[Round "1.17"]
[White "Luksza, Arkadiusz"]
[Black "Bouchard, Jean-Marc"]
[Result "1-0"]
[WhiteElo "2106"]
[BlackElo "1892"]
[PlyCount "93"]
[EventDate "2018.07.21"]
[EventType "swiss"]
[EventRounds "9"]
[EventCountry "CAN"]

1. d4 d5 2. c4 e6 3. Nc3 f5 4. g3 Nf6 5. Bg2 c6 6. Nh3 Be7 7. O-O O-O 8. b3 Ne4
9. Bb2 Nxc3 10. Bxc3 Nd7 11. Qc2 Nf6 12. Rad1 Bd7 13. Nf4 Qe8 14. Nd3 Rd8 15.
c5 Nh5 16. e3 Bf6 17. Qe2 g6 18. Kh1 Bg7 19. f3 Nf6 20. Nf2 Bc8 21. a4 Rd7 22.
b4 a6 23. Rb1 Re7 24. Nd3 Nd7 25. Ne5 Nxe5 26. dxe5 Bd7 27. Rfd1 Qb8 28. Qb2
Qc7 29. Bd4 Ra8 30. Bf1 Rf7 31. Rdc1 Re7 32. Qc3 Ree8 33. Rc2 Ra7 34. Rcb2 Rea8
35. f4 Kf7 36. Qd2 Bf8 37. Qg2 Be7 38. Bd3 Qd8 39. Qh3 Kg8 40. g4 Qe8 41. Rg2
Qf7 42. Rbg1 Rf8 43. Qh6 Rc8 44. gxf5 Bf8 45. Rxg6+ hxg6 46. Rxg6+ Bg7 47. f6
1-0

[Event "Quebec op"]
[Site "Longueuil CAN"]
[Date "2018.07.21"]
[Round "1.18"]
[White "Wu, Tony (Dongze)"]
[Black "Prahov, Valentin"]
[Result "0-1"]
[WhiteElo "1883"]
[BlackElo "2105"]
[PlyCount "150"]
[EventDate "2018.07.21"]
[EventType "swiss"]
[EventRounds "9"]
[EventCountry "CAN"]

1. d4 Nf6 2. Nf3 g6 3. g3 Bg7 4. Bg2 d5 5. O-O O-O 6. c4 c6 7. cxd5 cxd5 8. Nc3
Nc6 9. Ne5 e6 10. Be3 Nd7 11. f4 Ndxe5 12. fxe5 f6 13. exf6 Bxf6 14. Qd2 Bd7
15. b3 Qe7 16. a3 Bg7 17. b4 a6 18. Kh1 Rxf1+ 19. Rxf1 Rf8 20. Rd1 Qf6 21. Na4
h5 22. Nc5 Bc8 23. Qd3 h4 24. Rf1 Qe7 25. Qxg6 Rxf1+ 26. Bxf1 hxg3 27. hxg3 Qf7
28. Qxf7+ Kxf7 29. Nb3 e5 30. Bg2 e4 31. Kh2 Bg4 32. Bf1 b6 33. Kg2 a5 34. b5
a4 35. Nc5 bxc5 36. bxc6 cxd4 37. Bf4 Bf8 38. Be5 Bc5 39. c7 Ke7 40. Kf2 Kd7
41. Ke1 Bxa3 42. Bxd4 Kxc7 43. Kd2 Bd6 44. Kc3 Bxg3 45. Kb4 Bd7 46. Kc5 Bc6 47.
Bb2 Bf2+ 48. Bd4 Bxd4+ 49. Kxd4 Kb6 50. e3 a3 51. Kc3 Bb5 52. Bh3 a2 53. Kb2
Bc4 54. Bd7 Kc5 55. Bf5 Kd6 56. Ka1 Ke5 57. Bg6 Kf6 58. Bh7 Kg5 59. Bg8 Kg4 60.
Be6+ Kf3 61. Kb2 Kxe3 62. Bf7 Kd2 63. Bg6 e3 64. Bh5 e2 65. Bxe2 Kxe2 66. Kc2
d4 67. Kb2 d3 68. Kc3 a1=Q+ 69. Kxc4 d2 70. Kd5 d1=Q+ 71. Ke4 Qdd4+ 72. Kf5
Qa5+ 73. Ke6 Qdb6+ 74. Kd7 Qaa7+ 75. Kc8 Qbb8# 0-1

[Event "Quebec op"]
[Site "Longueuil CAN"]
[Date "2018.07.21"]
[Round "1.19"]
[White "Lopez Linares, Lizandro"]
[Black "Yagiz, Bora"]
[Result "1/2-1/2"]
[WhiteElo "2088"]
[BlackElo "1862"]
[PlyCount "95"]
[EventDate "2018.07.21"]
[EventType "swiss"]
[EventRounds "9"]
[EventCountry "CAN"]

1. d4 d6 2. Nf3 Nf6 3. Bf4 g6 4. h3 Bg7 5. e3 O-O 6. Be2 Nfd7 7. O-O e5 8. Bh2
Nc6 9. Na3 a6 10. c4 f5 11. Nc2 exd4 12. exd4 f4 13. Qd2 Qf6 14. b4 Ne7 15.
Rad1 g5 16. g4 d5 17. cxd5 Nxd5 18. Bc4 N7b6 19. Bb3 Be6 20. Rfe1 h6 21. Ne5
Rfe8 22. Re2 Rad8 23. Ne1 Qf8 24. N1d3 Bc8 25. Rde1 Bxe5 26. Rxe5 Rxe5 27. Rxe5
c6 28. Qe1 Kg7 29. Nc5 Qf6 30. a4 Rd6 31. Qe4 Nd7 32. Bc2 Nxc5 33. bxc5 Rd8 34.
Bb3 Qf7 35. f3 Kf8 36. Kf2 Nc3 37. Qc2 Nd5 38. Qe2 Re8 39. Bg1 Rxe5 40. Qxe5
Qf6 41. Qe4 Be6 42. Ke1 Nc7 43. Bc2 Bd5 44. Qd3 Bg8 45. Kd2 Qe6 46. Bf2 Nd5 47.
Bb3 Ke7 48. Qb1 1/2-1/2